Legal services authorities act, 1987 as amended by the Legal Services Authorities (amendment) act 2002 (Record no. 115422)

MARC details
000 -LEADER
fixed length control field 00434nam a2200145Ia 4500
008 - FIXED-LENGTH DATA ELEMENTS--GENERAL INFORMATION
fixed length control field 230917s9999||||xx |||||||||||||| ||und||
040 ## - CATALOGING SOURCE
-- 180677
Original cataloging agency VIVEKANANDA LIBRARY
041 ## - Language
-- English
082 ## - DDC NUMBER
Classification number 34:351 U3E
100 ## - MAIN ENTRY--PERSONAL NAME
Personal name Universal
245 #0 - TITLE STATEMENT
Title Legal services authorities act, 1987 as amended by the Legal Services Authorities (amendment) act 2002
260 ## - PUBLICATION, DISTRIBUTION, ETC. (IMPRINT)
Place of publication, distribution, etc New Delhi
Name of publisher, distributor, etc Universal Law Publishing
Date of publication, distribution, etc 2003
300 ## - PHYSICAL DESCRIPTION
Pages 44 p.
942 ## - ADDED ENTRY ELEMENTS (KOHA)
Koha item type Books
Holdings
Withdrawn status Lost status Damaged status Not for loan Location (home branch) Sublocation or collection (holding branch) Date acquired Koha issues (times borrowed) Koha full call number Accession No. Koha date last seen Koha item type
        VIVEKANANDA LIBRARY VIVEKANANDA LIBRARY 06/03/2019   34:351 U3E 205512 17/09/2023 Books
        VIVEKANANDA LIBRARY VIVEKANANDA LIBRARY 06/03/2019   34:351 U3E 205513 17/09/2023 Books
© Designed and Maintained by Vivekananda Library, MDU Rohtak